| 000 | 01010nam a2200277Ia 4500 | ||
|---|---|---|---|
| 003 | OSt | ||
| 005 | 20221005113457.0 | ||
| 006 | a|||||r|||| 00| 0 | ||
| 007 | ta | ||
| 008 | 221004b |||||||| |||| 00| 0 pan d | ||
| 020 |
_a9788189735159 _c150 |
||
| 024 | _a117601 | ||
| 037 |
_b660, 22/03/2012, H.K. Prakashan _cTextual |
||
| 040 |
_aCRL _cCRL _bpan |
||
| 041 |
_2pan _apan |
||
| 082 | _aO153,6x, P9 | ||
| 100 | _aਜਸਬੀਰ ਕੌਰ | ||
| 245 | 0 |
_aਆਪਣੇ ਆਪਣੇ _b ਸਵਰਗ |
|
| 260 |
_aਲੁਧਿਆਣਾ _bਪੰਜਾਬੀ ਰਾਈਟਰਗ਼ ਕੋਆਪਰੇਟਿਵ ਸੋਸਾਇਟੀ ਲਿਮਟਿਡ ਭਾਰਤ _c2009 |
||
| 300 |
_a176ਪੰ _ccm. |
||
| 650 | _a ੳਾਂOਛਥ ਭੱਜ਼ਾਂਸ਼. | ||
| 650 | _a ਪੰਜਾਬੀ ਨਿਬੰਧ | ||
| 650 | _aਪੰਜਾਬੀ ਸਾਹਿਤ | ||
| 942 |
_hO153,6x, P9 _cTEXL _2cc |
||
| 999 |
_c1028328 _d1028328 |
||